Evaluación del desempeño en campo de tres diseños de mezcla de concreto permeable con agregado de 12,5 mm y aditivos reductores de agua
Guardado en:
| Autor principal: | |
|---|---|
| Formato: | Libro |
| Lenguaje: | Spanish |
| Publicado: |
[San José], Costa Rica
2016
|
| Materias: | |
| Etiquetas: |
Agregar Etiqueta
Sin Etiquetas, Sea el primero en etiquetar este registro!
|
MARC
| LEADER | 00000nam a22000007a 4500 | ||
|---|---|---|---|
| 003 | 012364 | ||
| 005 | 20221231144106.0 | ||
| 008 | 160530b2016 cr a|||| |||| 00| ||spa d | ||
| 040 | |c cru CEDI | ||
| 090 | |a TFG 7524 | ||
| 100 | |9 4758 |a Foulkes Blanco, Grace Vanessa | ||
| 245 | |a Evaluación del desempeño en campo de tres diseños de mezcla de concreto permeable con agregado de 12,5 mm y aditivos reductores de agua | ||
| 260 | |a [San José], Costa Rica |c 2016 | ||
| 300 | |a xi,54,[31] ; ilustraciones a color.-20 referencias | ||
| 500 | |a Proyecto de graduación (licenciatura en ingeniería civil)--Universidad de Costa Rica. Facultad de Ingeniería. Escuela de Ingeniería Civil | ||
| 650 | |x HORMIGON |x PERMEABILIDAD |x MEZCLAS |x PRUEBAS |x ADITIVOS |x AGREGADOS (MATERIALES DE CONSTRUCCION) |x RESISTENCIA DE MATERIALES |9 4759 | ||
| 942 | |c TFG | ||
| 999 | |c 16772 |d 16772 | ||
